000 00369nam a2200145Ia 4500
008 230917s9999||||xx |||||||||||||| ||und||
040 _e124836
_aMAIN
041 _aEnglish
082 _a361.6 D689U
100 _aDolgoff, Ralph
245 0 _aUnderstanding social walfare
260 _aNew York
_bHarper and row, Publisher
_c1980
300 _a352p. p.
942 _cBK
999 _c222785
_d222785